Asynchronní logické obvody
Gespeichert in:
| 1. Verfasser: | |
|---|---|
| Format: | Buch |
| Sprache: | Tschechisch |
| Veröffentlicht: |
Praha :
Academia,
1968
|
| Ausgabe: | 1. vyd. |
| Tags: |
Keine Tags, Fügen Sie das erste Tag hinzu!
|
MARC
| LEADER | 00000nam a22000003a 4500 | ||
|---|---|---|---|
| 001 | stu53342 | ||
| 005 | 20160202122929.2 | ||
| 008 | 000427s1968----cs------------------cze-d | ||
| 040 | |a STU |b slo | ||
| 041 | 0 | |a cze | |
| 044 | |a cs | ||
| 080 | |a 621.374.32.018.53 | ||
| 100 | 1 | |a Jakubajtis, Eduerd Aleksander |4 aut | |
| 245 | 1 | |a Asynchronní logické obvody | |
| 250 | |a 1. vyd. | ||
| 260 | |a Praha : |b Academia, |c 1968 | ||
| 300 | |a 308 s | ||
| 996 | |b 284EK04271 |c E*21170 |l EE01 |s A |a 24 |w stu53342_0001 | ||